Vitus J. Bering og de russiske Opdagelsesrejser fra 1725-43 /

Saved in:
Bibliographic Details
Main Author: Lauridsen, Peter, 1846-1923.
Format: Book
Language:Danish
Published: Kjøbenhavn : Gyldendalske Boghandels Forlag (F. Hegel), 1885
Series:Open Collections Program at Harvard University. Expeditions and discoveries.
Subjects:
Tags: Add Tag
No Tags, Be the first to tag this record!
LEADER 01138cam a2200277La 4500
001 005698706-4
005 20090417001325.0
008 821006s1885 dk abf b 001 0 dan d
035 0 |a ocn786362636 
035 0 |a ocm13630405 
040 |a DRB  |c DRB  |d HLS  |d HMM 
043 |a n-us-ak  |a e-ur---  |a r------ 
045 2 |b d1725  |b d1743 
100 1 |a Lauridsen, Peter,  |d 1846-1923. 
245 1 0 |a Vitus J. Bering og de russiske Opdagelsesrejser fra 1725-43 /  |c af P. Lauridsen. 
260 |a Kjøbenhavn :  |b Gyldendalske Boghandels Forlag (F. Hegel),  |c 1885  |f (Fr. bagges Bogtrykkeri) 
300 |a iii, 210 p., [5] leaves of plates (some folded) :  |b ill., 4 maps ;  |c 21 cm. 
504 |a Includes bibliographical references and index. 
611 2 0 |a Kamchatskai͡a ėkspedit͡sii͡a  |n (2nd :  |d 1733-1743) 
611 2 0 |a Kamchatskai͡a ėkspedit͡sii͡a. 
600 1 0 |a Bering, Vitus Jonassen,  |d 1681-1741. 
651 0 |a Bering Strait  |x Discovery and exploration. 
651 0 |a Arctic regions  |x Discovery and exploration  |x Russian. 
830 0 |a Open Collections Program at Harvard University.  |p Expeditions and discoveries.  |5 net 
988 |a 20020608 
906 |0 OCLC